000
00236nam a2200097Ia 4500
001
772207
005
20250826165729.0
008
250824s9999 xx 000 0 und d
245
0
_a
GECE SESLERİ
_c
AYŞE KULİN
260
_b
EVEREST YAYINLARI
999
_c
772207
_d
772207